Leicester 9-0 Southampton - Statistics

General Stats
  • This quiz has been taken 77 times
  • The average score is 8 of 10
Answer Stats
Time Name Info Player's Club % Correct
90+4' Jamie Vardy Penalty Goal Leicester
94%
58' Jamie Vardy Goal Leicester
90%
45' Jamie Vardy Goal Leicester
87%
19' Ayoze Pérez Goal Leicester
76%
39' Ayoze Pérez Goal Leicester
76%
57' Ayoze Pérez Goal Leicester
76%
85' James Maddison Goal Leicester
76%
10' Ben Chillwell Goal Leicester
71%
12' Ryan Bertrand Red Card Southampton
71%
17' Youri Tielemans Goal Leicester
66%
No matching quizzes found
Score Distribution
Percent of People with Each Score
Percentile by Number Answered
Your Score History
You have not taken this quiz